000 00219nam a22000977a 4500
999 _c263746
_d263745
020 _a0439799392
100 _aDianne Ochiltree
245 _aSixteen Runaway Pumpkins
260 _aNew York
_bSholastic
_c2005
942 _cBK